New start or false start?: the ICC and electoral violence in Kenya /
Сохранить в:
| Главный автор: | |
|---|---|
| Формат: | Текст |
| Метки: |
Добавить метку
Нет меток, Требуется 1-ая метка записи!
|
MARC
| LEADER | 00000 a a2200000 04500 | ||
|---|---|---|---|
| 001 | 46625 | ||
| 003 | |||
| 040 | |||
| 100 | |a Höhn, Sabine | ||
| 245 | |a New start or false start?: |b the ICC and electoral violence in Kenya / |c Sabine Höhn | ||
| 773 | |g volumen45, número3 ( , 2014), 565-588 | ||
| 999 | |c 26598 |d 26598 | ||
